Improving compliance with international environmental law / (Record no. 6396)
[ view plain ]
| 000 -LEADER | |
|---|---|
| fixed length control field | 00871cam a22002412 4500 |
| 001 - CONTROL NUMBER | |
| control field | 0000003402 |
| 005 - DATE AND TIME OF LATEST TRANSACTION | |
| control field | 20151217151924.0 |
| 008 - FIXED-LENGTH DATA ELEMENTS--GENERAL INFORMATION | |
| fixed length control field | 070504s xx 000 0 eng d |
| 020 ## - INTERNATIONAL STANDARD BOOK NUMBER | |
| International Standard Book Number | 1853832618 : |
| Terms of availability | GBP 19.95 |
| 040 ## - CATALOGING SOURCE | |
| Original cataloging agency | KABU |
| Transcribing agency | KABU |
| 050 #0 - LIBRARY OF CONGRESS CALL NUMBER | |
| Classification number | K3585 |
| Item number | .I47 1996 |
| 245 10 - TITLE STATEMENT | |
| Title | Improving compliance with international environmental law / |
| Statement of responsibility, etc. | edited byJames Cameron, Jacob Werksman & Peter Roderick. |
| 260 ## - PUBLICATION, DISTRIBUTION, ETC. (IMPRINT) | |
| Place of publication, distribution, etc. | London : |
| Name of publisher, distributor, etc. | Earthscan Publications, |
| Date of publication, distribution, etc. | 1996. |
| 300 ## - PHYSICAL DESCRIPTION | |
| Extent | xviii, 341 p. ; |
| Dimensions | 24 cm. |
| 440 #4 - SERIES STATEMENT/ADDED ENTRY--TITLE | |
| Title | The international law and sustainable development series |
| -- | 0000153309 |
| 650 #0 - SUBJECT ADDED ENTRY--TOPICAL TERM | |
| Topical term or geographic name as entry element | Environmental law, International. |
| -- | 0000153307 |
| 700 1# - ADDED ENTRY--PERSONAL NAME | |
| Personal name | Werksman, Jacob. |
| -- | 0000153310 |
| 700 1# - ADDED ENTRY--PERSONAL NAME | |
| Personal name | Roderick, Peter. |
| -- | 0000153311 |
| 700 1# - ADDED ENTRY--PERSONAL NAME | |
| Personal name | Cameron, James. |
| -- | 0000153308 |
| 908 ## - PUT COMMAND PARAMETER (RLIN) | |
| Put command parameter | 070504 |
| 950 ## - LOCAL HOLDINGS (RLIN) | |
| -- | 1 |
| Withdrawn status | Lost status | Source of classification or shelving scheme | Not for loan | Home library | Current library | Date acquired | Total Checkouts | Full call number | Barcode | Date last seen | Price effective from | Koha item type |
|---|---|---|---|---|---|---|---|---|---|---|---|---|
| Library of Congress Classification | Kabarak, Main Campus | Kabarak, Main Campus | 17/12/2015 | K3585 .I47 1996 c. 1 | 006813 | 17/12/2015 | 17/12/2015 | General Collection |